000 02275pam a2200553 i 4500
001 2024037975
003 DLC
005 20250606172138.0
008 240816s2025 nyuab c 000 1 eng
010 _a 2024037975
020 _a9781546110491
_q(library binding)
020 _a9781339022437
_q(paperback)
020 _z9781546110507
_q(ebook)
035 _a(OCoLC)1452596923
040 _aDLC
_beng
_erda
_cDLC
_dTnLvILS
042 _apcc
_acyac
050 0 0 _aPZ7.W51937
_bNjm 2025
082 0 0 _a[Fic]
_223
100 1 _aWest, Tracey,
_d1965-
_eauthor.
_939112
245 1 0 _aNight of the Dream dragon /
_cwritten by Tracey West ; illustrated by Matt Loveridge.
250 _aFirst edition.
264 1 _aNew York, NY :
_bScholastic Inc.,
_c2025.
300 _a90 pages :
_billustrations, map ;
_c21 cm.
336 _atext
336 _astill image
337 _aunmediated
338 _avolume
490 1 _aDragon Masters ;
_v28
490 1 _aBranches
521 _aAges 6-8.
_bScholastic, Inc.
521 _aGrades 2-3.
_bScholastic, Inc.
520 _aWhen evil wizard Zoltan enters the Dream World hoping to find the Dream fountain, it's up to the Dragon Masters to stop him before he find the fountain and unleashes his evil plan.
650 0 _aDragons
_vJuvenile fiction.
_95673921
650 0 _aDreams
_vJuvenile fiction.
_95684852
650 0 _aMagic
_vJuvenile fiction.
_95673690
650 0 _aAdventure stories.
650 1 _aDragons
_vFiction.
_95673926
650 1 _aDreams
_vFiction.
_95681922
650 1 _aMagic
_vFiction.
_95673694
650 1 _aAdventure and adventurers
_vFiction.
_9102533
655 7 _aAction and adventure fiction.
_2lcgft
655 7 _aFantasy fiction.
_2lcgft
650 7 _aJUVENILE FICTION / Readers / Chapter Books
_2bisacsh
_95674133
650 7 _aJUVENILE FICTION / Action & Adventure / General
_2bisacsh
_95675719
700 1 _aLoveridge, Matt,
_eillustrator.
_95810603
776 0 8 _iOnline version:
_aWest, Tracey, 1965-
_tNight of the dream dragon.
_bFirst edition
_dNew York : Scholastic, Inc., 2025
_z9781546110507
_w(DLC) 2024037976
800 1 _aWest, Tracey,
_d1965-
_tDragon Masters ;
_v28.
830 0 _aBranches (Scholastic Inc.)
_95728641
999 _c408660
_d408660